| 000 | 01099nam a2200301Ia 4500 | ||
|---|---|---|---|
| 003 | OSt | ||
| 005 | 20221007125822.0 | ||
| 006 | a|||||r|||| 00| 0 | ||
| 007 | ta | ||
| 008 | 221006b |||||||| |||| 00| 0 eng d | ||
| 020 | _a9781607414872 (hbd) | ||
| 037 |
_b1298, 28/03/2011, Ashutosh Technical Books _cTextual |
||
| 040 |
_aDGL _cDGL _beng |
||
| 041 |
_2eng _aeng |
||
| 082 | _aH:(U287), Q0 Carg | ||
| 100 |
_aOrostegui Vicente Ed. _9722571 |
||
| 245 | 0 | _aThresholds of climate change in ecosystems | |
| 260 |
_aNew York _bNova Science Publishers _c2010 |
||
| 300 |
_axxxv, 122p. _ccm. |
||
| 490 | _aClimate change and its causes, effects and predict6ion series | ||
| 500 | _aBibliographical references 79-105p.; Appendix A, 107-109p.; Index 111-122p. | ||
| 650 |
_a Biodiversity-Climatic factors _9722572 |
||
| 650 |
_a Climatic changes _9722573 |
||
| 650 |
_a Endangered ecosystems _9722574 |
||
| 650 | _aGeology | ||
| 942 |
_hH:(U287), Q0 Carg _cTEXL _2CC |
||
| 999 |
_c1215872 _d1215872 |
||